00366nam a2200133Ia 4500008004100000020001500041041001200056082001600068100001600084245009100100260002500191300000800216650000800224221030s9999 xx 000 0 und d a8120300823 aEnglish a105.23bRyd aJ. D. Ryder 0aElectronic Fundamentals & Applications - Integrated & Discrete Systemscby J. D. Ryder bPHIaNew Delhic1999 a538 aECE